000 00464nam a22001697a 4500
003 OSt
005 20260223105207.0
008 250111b |||||||| |||| 00| 0 eng d
020 _a9788187471509
040 _aSRHU
_bHindi
_cSRHU
082 _223rd
_a294.59218
245 _aYog Rahasya
_c Kamakhya Kumar & Bhanu Prakash Joshi
250 _a1st
260 _a New Delhi
_b Standars Publishers
_c2009
300 _a301p
_c22cm
942 _2ddc
_cYS
_e1st
999 _c19355
_d19355